Australian Animals - Statistics

General Stats
  • This quiz has been taken 374 times
  • The average score is 8 of 15
Answer Stats
Hint Answer % Correct
Kangaroo
97%
Koala
87%
Emu
75%
Wallabies
72%
Wombat
64%
Platypus
63%
Dingo
61%
Echidna
55%
Tasmanian Devil
47%
Crocodile
43%
Kookaburra
42%
Possum
30%
Bilby
21%
Yabby
2%
Bandicoot
0%
No matching quizzes found
Score Distribution
Percent of People with Each Score
Percentile by Number Answered
Your Score History
You have not taken this quiz